| 000 | 01561nam a2200229Ia 4500 | ||
|---|---|---|---|
| 003 | Ost | ||
| 005 | 20260507074941.0 | ||
| 008 | 260507s9999||||xx |||||||||||||| ||und|| | ||
| 040 | _cfsecg | ||
| 041 | _aara | ||
| 082 | _a336 | ||
| 100 | _eمؤلف | ||
| 245 | 0 |
_aالادارة المالية العامة : _bأوراق ندوة وورشة عمل الاساليب الحديثة في الادارة المالية العامة المنعقد بالقاهرة في سبتمبر 2006 / |
|
| 260 |
_aالقاهرة: _bالمنظمة العربية للتنمية الادارية, _c2007 |
||
| 300 |
_a246 صفحة؛ _c24 سم |
||
| 520 | _aنحوى تطبيق موازنة الاداء لتحقيق الادارة الرشيدة في الدولة العربية ، مدخل تحليلي لجدوى المشروعات العامة في القطاع الحكومي ، أساليب إدارة المالية العومية بتونس قطاع التعليم العالي نموذجا ، مدخل مقترح لتعظيم قيمة الاستثمار الأجنبي المباشر بالعالم العربي ، مدخل تقييم المشروعات ، التنظيم المحاسبي لادارة الدين العام المحلي لأغراض رفع الكفاءة الادارة المالية ، كيفية توازن الهياكل المالية في القطاع الحكومي | ||
| 653 | _aادارة | ||
| 653 | _aالادارة المالية | ||
| 653 | _aالسياسة المالية | ||
| 653 | _aمالية عامة | ||
| 942 | _cكتاب | ||
| 999 |
_c41928 _d41928 |
||